Score 0/20 Timer 03:00
0 Plays Today
Characters Song % Correct
The HeathersCandy Store
99.1%
Veronica and CompanyBeautiful
98.4%
JDFreeze Your Brain
95.5%
Veronica & JDDead Girl Walking
94.8%
Veronica & CompanyDead Girl Walking (Reprise)
94.8%
Veronica & JDSeventeen
91.7%
Veronica & CompanySeventeen (Reprise)
91.7%
Kurt, Ram & CompanyBlue
91.2%
Kurt's Dad, Ram's Dad & CompanyMy Dead Gay Son
89.7%
Heather McNamaraLifeboat
89.2%
Characters Song % Correct
CompanyBig Fun
88.8%
JD & VeronicaOur Love Is God
88.1%
Mrs. Fleming & CompanyShine a Light
86.6%
Heather Duke & CompanyShine A Light (Reprise)
86.6%
VeronicaFight For Me
86.2%
MarthaKindergarten Boyfriend
83%
Veronica, Heather Chandler & CompanyThe Me Inside of Me
80.8%
Dead KidsYo, Girl
77%
JD & Dead KidsMeant To Be Yours
74.2%
JD & VeronicaI Am Damaged
66.8%
Remove Ads.
Support Sporcle.
Get the best of Sporcle when you Go Orange. This ad-free experience offers more features, more stats, and more fun while also helping to support Sporcle. Thank you for becoming a member.

You're not logged in!

Compare scores with friends on all Sporcle quizzes.
OR
Log In

Show Comments

Extras

Top Quizzes Today


Score Distribution

Your Account Isn't Verified!

In order to create a playlist on Sporcle, you need to verify the email address you used during registration. Go to your Sporcle Settings to finish the process.

Report this User

Report this user for behavior that violates our Community Guidelines.

Details: